Christianity Exposed (Record no. 529035)
[ view plain ]
| 000 -LEADER | |
|---|---|
| fixed length control field | 01083 a2200205 4500 |
| 003 - CONTROL NUMBER IDENTIFIER | |
| control field | Nust |
| 005 - DATE AND TIME OF LATEST TRANSACTION | |
| control field | 20190918131800.0 |
| 008 - FIXED-LENGTH DATA ELEMENTS--GENERAL INFORMATION | |
| fixed length control field | 170320b xxu||||| |||| 00| 0 eng d |
| 038 ## - RECORD CONTENT LICENSOR | |
| Staff Name | MSOHAIL |
| 040 ## - CATALOGING SOURCE | |
| Transcribing agency | Nust |
| 082 ## - DEWEY DECIMAL CLASSIFICATION NUMBER | |
| Classification number | 230.01 |
| Author Mark | CHR |
| 100 ## - MAIN ENTRY--PERSONAL NAME | |
| Personal name | Abdul waheed khan (Compiles by) |
| 9 (RLIN) | 20900 |
| 245 ## - TITLE STATEMENT | |
| Title | Christianity Exposed |
| Statement of responsibility, etc. | Abdul waheed khan |
| 260 ## - PUBLICATION, DISTRIBUTION, ETC. | |
| Place of publication, distribution, etc. | Karachi |
| Name of publisher, distributor, etc. | Abdul waheed khan group cap |
| Date of publication, distribution, etc. | 2012 |
| 300 ## - PHYSICAL DESCRIPTION | |
| Extent | 516 p. |
| 500 ## - GENERAL NOTE | |
| General note | H.B |
| 505 ## - FORMATTED CONTENTS NOTE | |
| Formatted contents note | Foreword (Page-3)Towards Understanding Christianity (Page-5) Errors and Contradiction on Bible (Page-117) Religion of Jesus Christ or Rekigion of Saint Paul (Page-159) What Western Scholars say about Trinity (Page-184)Christianity Points to Ponder (Page-243) Why they have Chosen Islam (Page-285) Arrival of Muhammad (Peace Be Upon Him) is Mentioned 34 Times in Bible (Page-307) Questions about Christianity (Page-327)Contents (Page-347)Let the Bible Speak (Page-347) What Quraan Says about Christaianity (Page-419) Inter Faith Essays (Page-483) |
| 538 ## - SYSTEM DETAILS NOTE | |
| System details note | Almirah No.47 Shelf No.6 |
| 942 ## - ADDED ENTRY ELEMENTS (KOHA) | |
| Source of classification or shelving scheme | |
| Koha item type | Book |
| Call number prefix | 230.01 CHR |
| Withdrawn status | Lost status | Source of classification or shelving scheme | Damaged status | Not for loan | Permanent Location | Current Location | Date acquired | Total Checkouts | Full call number | Barcode | Date last seen | Price effective from | Koha item type |
|---|---|---|---|---|---|---|---|---|---|---|---|---|---|
| School of Civil and Environmental Engineering (SCEE) | School of Civil and Environmental Engineering (SCEE) | 09/18/2019 | 230.01 CHR | NIT-10657 | 02/22/2021 | 09/18/2019 | Book |
